[Event "Bergen Sommer op-B"]
[Site "Bergen"]
[Date "2007.08.10"]
[Round "6"]
[White "Frisvold, Ole Emil"]
[Black "Andersen, Pal"]
[Result "0-1"]
[WhiteElo "1007"]
[BlackElo "1088"]
[PlyCount "116"]
[EventDate "2007.08.05"]
[EventType "swiss"]
[EventRounds "6"]
[EventCountry "NOR"]
[SourceTitle "EXT 2010"]
[Source "ChessBase"]
[SourceDate "2010.11.25"]
[SourceVersion "1"]
[SourceVersionDate "2010.11.25"]
[SourceQuality "1"]

1. d4 Nf6 2. c4 e6 3. Nc3 Bb4 4. Qc2 Nc6 5. Nf3 d6 6. a3 Bxc3+ 7. Qxc3 0-0 8. Bg5 Qe7 9. e3 e5 10. d5 Nb8 11. Bxf6 Qxf6 12. c5 Bg4 13. Be2 Nd7 14. b4 Bxf3 15. Bxf3 e4 16. Qxf6 Nxf6 17. Be2 dxc5 18. bxc5 Nxd5 19. Rb1 b6 20. Rd1 Nf6 21. c6 Rfd8 22. 0-0 Kf8 23. Rxd8+ Rxd8 24. Rd1 Rxd1+ 25. Bxd1 Ke7 26. f3 exf3 27. Bxf3 Kd6 28. Kf2 Nd5 29. e4 Ne7 30. Bh5 g6 31. Bd1 Nxc6 32. Bb3 Ne5 33. h3 c5 34. Ke3 b5 35. a4 c4 36. Bc2 b4 37. Kd4 b3 38. Bb1 f6 39. h4 Kc6 40. g4 Nxg4 41. Kxc4 Ne5+ 42. Kxb3 Nf3 43. h5 Kc5 44. hxg6 hxg6 45. Kc3 g5 46. Kd3 Kb4 47. Ke3 Ne5 48. Bc2 Nc4+ 49. Kf3 Nb6 50. e5 fxe5 51. Ke4 Nxa4 52. Kxe5 Nc5 53. Kf5 a5 54. Kxg5 Nb3 55. Kf4 Kc3 56. Bxb3 Kxb3 57. Ke3 a4 58. Kd2 Kb2 0-1

[Event "Bergen Sommer op-B"]
[Site "Bergen"]
[Date "2007.08.08"]
[Round "4"]
[White "Andersen, Pal"]
[Black "Stensholt, Sigvat K"]
[Result "1-0"]
[WhiteElo "1088"]
[BlackElo "1219"]
[PlyCount "53"]
[EventDate "2007.08.05"]
[EventType "swiss"]
[EventRounds "6"]
[EventCountry "NOR"]
[SourceTitle "EXT 2010"]
[Source "ChessBase"]
[SourceDate "2010.11.25"]
[SourceVersion "1"]
[SourceVersionDate "2010.11.25"]
[SourceQuality "1"]

1. e4 e6 2. d4 d5 3. Nc3 Nf6 4. Bg5 Be7 5. e5 Ng8 6. Bxe7 Nxe7 7. Qg4 0-0 8. Bd3 b6 9. f4 Ba6 10. 0-0-0 Bxd3 11. Rxd3 Nf5 12. h4 Nh6 13. Qh3 f5 14. exf6 Qxf6 15. Nce2 Nf5 16. g4 Nd6 17. Nf3 Ne4 18. Qg2 Nd7 19. Ng5 Nd6 20. h5 h6 21. Nf3 g6 22. Ne5 Rf7 23. hxg6 Rg7 24. Qh3 Rxg6 25. Nxg6 Qxg6 26. Qxh6 Qxg4 27. Rg3 1-0

[Event "Bergen Sommer op-B"]
[Site "Bergen"]
[Date "2007.08.06"]
[Round "2"]
[White "Fadnes, Bard"]
[Black "Andersen, Pal"]
[Result "1/2-1/2"]
[WhiteElo "1390"]
[BlackElo "1088"]
[PlyCount "80"]
[EventDate "2007.08.05"]
[EventType "swiss"]
[EventRounds "6"]
[EventCountry "NOR"]
[SourceTitle "EXT 2010"]
[Source "ChessBase"]
[SourceDate "2010.11.25"]
[SourceVersion "1"]
[SourceVersionDate "2010.11.25"]
[SourceQuality "1"]

1. e4 c5 2. Nf3 g6 3. d4 cxd4 4. Qxd4 Nf6 5. e5 Nc6 6. Qa4 Nd5 7. c4 Nb6 8. Qb3 d6 9. exd6 Qxd6 10. Qc3 Qb4 11. Bd2 Qxc3 12. Bxc3 f6 13. b3 Bf5 14. Na3 0-0-0 15. Be2 e5 16. Bb2 Bxa3 17. Bxa3 g5 18. Bb2 h5 19. c5 Nd5 20. a3 h4 21. 0-0-0 g4 22. Nd2 Nf4 23. Bf1 Bd3 24. g3 Ne6 25. b4 Bxf1 26. Rhxf1 Ncd4 27. Ne4 Rdf8 28. Nd6+ Kb8 29. b5 Nb3+ 30. Kc2 Nbd4+ 31. Bxd4 Nxd4+ 32. Kc3 Nf3 33. Rh1 hxg3 34. hxg3 Rh3 35. Nf5 Rfh8 36. Rhf1 Nh2 37. Rfe1 Nf3 38. Re4 R3h5 39. Ng7 R5h7 40. Nf5 Rh5 1/2-1/2

[Event "Bergen Sommer op"]
[Site "Bergen"]
[Date "2006.08.09"]
[Round "4"]
[White "Stensholt, Sigvat K"]
[Black "Andersen, Pal"]
[Result "1-0"]
[WhiteElo "1223"]
[BlackElo "1100"]
[PlyCount "47"]
[EventDate "2006.08.06"]
[EventType "swiss"]
[EventRounds "6"]
[EventCountry "NOR"]
[SourceTitle "EXT 2007"]
[Source "ChessBase"]
[SourceDate "2006.11.23"]
[SourceVersion "1"]
[SourceVersionDate "2006.11.23"]
[SourceQuality "1"]

1. d4 Nf6 2. c4 e6 3. Nc3 Bb4 4. e3 Nc6 5. Bd3 Bxc3+ 6. bxc3 d6 7. f4 e5 8. fxe5 dxe5 9. Ba3 Bg4 10. Qc2 Bh5 11. h3 Bg6 12. Bxg6 fxg6 13. Nf3 exd4 14. cxd4 Ne7 15. 0-0 0-0 16. e4 Qd7 17. e5 Ne8 18. d5 b6 19. Nd4 Rxf1+ 20. Rxf1 c5 21. Ne6 h6 22. Rf8+ Kh7 23. Rf7 Kg8 24. Qf2 1-0

[Event "Bergen Sommer op"]
[Site "Bergen"]
[Date "2006.08.08"]
[Round "3"]
[White "Andersen, Pal"]
[Black "Aase, Ole V"]
[Result "1/2-1/2"]
[WhiteElo "1100"]
[BlackElo "835"]
[PlyCount "155"]
[EventDate "2006.08.06"]
[EventType "swiss"]
[EventRounds "6"]
[EventCountry "NOR"]
[SourceTitle "EXT 2007"]
[Source "ChessBase"]
[SourceDate "2006.11.23"]
[SourceVersion "1"]
[SourceVersionDate "2006.11.23"]
[SourceQuality "1"]

1. e4 e5 2. Nf3 Nc6 3. d4 exd4 4. Bc4 h6 5. 0-0 Bc5 6. c3 dxc3 7. Bxf7+ Kxf7 8. Qd5+ Ke8 9. Qxc5 c2 10. Qxc2 d6 11. Nc3 Bg4 12. Qd3 Bxf3 13. Qxf3 Ne5 14. Qe2 c6 15. f4 Nf7 16. Be3 Qe7 17. Rad1 Nf6 18. e5 dxe5 19. fxe5 Nxe5 20. Bf4 Ng6 21. Qc4 Qf7 22. Rfe1+ Kf8 23. Qb4+ Kg8 24. Be5 Kh7 25. Bxf6 Qxf6 26. Rd6 Qf4 27. Qc5 Rae8 28. Rf1 Qxf1+ 29. Kxf1 Rhf8+ 30. Qf2 Rxf2+ 31. Kxf2 Re7 32. a3 Ne5 33. b3 Ng4+ 34. Kg3 Re3+ 35. Kxg4 Rxc3 36. b4 Rxa3 37. Rd7 b6 38. Rd6 Ra4 39. Rxc6 Rxb4+ 40. Kf3 a5 41. Rc7 Rb3+ 42. Ke2 Rb2+ 43. Kf3 b5 44. Rb7 a4 45. Ke3 a3 46. Kd3 a2 47. Ra7 Rxg2 48. h3 b4 49. Kc4 b3 50. Kxb3 Rg3+ 51. Kxa2 Rxh3 52. Kb2 h5 53. Kc2 h4 54. Kd2 Rg3 55. Ke2 Kh6 56. Kf2 g5 57. Ra8 Kh5 58. Ra4 Rg4 59. Ra5 Rf4+ 60. Kg2 Kg4 61. Ra3 Rd4 62. Rb3 Rd2+ 63. Kg1 h3 64. Rb4+ Kh5 65. Rc4 g4 66. Rc3 Kh4 67. Rc4 h2+ 68. Kh1 Rd1+ 69. Kxh2 Rd2+ 70. Kg1 Kh3 71. Rc7 Rg2+ 72. Kf1 Kg3 73. Rg7 Rh2 74. Kg1 Rc2 75. Kf1 Rc1+ 76. Ke2 Rh1 77. Ke3 Kg2 78. Rxg4+ 1/2-1/2

[Event "Bergen Sommer op-B"]
[Site "Bergen"]
[Date "2005.08.05"]
[Round "6"]
[White "Andersen, Pal"]
[Black "Birkestrand, Odd Helge"]
[Result "0-1"]
[WhiteElo "1006"]
[BlackElo "1378"]
[PlyCount "42"]
[EventDate "2005.07.31"]
[EventType "swiss"]
[EventRounds "6"]
[EventCountry "NOR"]
[SourceTitle "EXT 2006"]
[Source "ChessBase"]
[SourceDate "2005.11.24"]
[SourceVersion "1"]
[SourceVersionDate "2005.11.24"]
[SourceQuality "1"]

1. e4 e5 2. Nf3 Nc6 3. Nc3 Nf6 4. g3 Bc5 5. Bg2 0-0 6. 0-0 d6 7. d3 h6 8. Na4 Nd7 9. Nxc5 Nxc5 10. Nh4 Ne7 11. f4 f5 12. fxe5 dxe5 13. exf5 Nxf5 14. Nxf5 Bxf5 15. Qh5 Qd4+ 16. Kh1 Bg4 17. Qg6 Rxf1+ 18. Bxf1 Bf3+ 19. Bg2 Bxg2+ 20. Kxg2 Rf8 21. Bxh6 Rf2+ 0-1

[Event "Bergen Sommer op-B"]
[Site "Bergen"]
[Date "2005.08.04"]
[Round "5"]
[White "Stensholt, Sigvat K"]
[Black "Andersen, Pal"]
[Result "1-0"]
[WhiteElo "1188"]
[BlackElo "1006"]
[PlyCount "61"]
[EventDate "2005.07.31"]
[EventType "swiss"]
[EventRounds "6"]
[EventCountry "NOR"]
[SourceTitle "EXT 2006"]
[Source "ChessBase"]
[SourceDate "2005.11.24"]
[SourceVersion "1"]
[SourceVersionDate "2005.11.24"]
[SourceQuality "1"]

1. d4 Nf6 2. c4 e6 3. Nc3 Bb4 4. e3 Ne4 5. Bd2 Bxc3 6. Bxc3 Nxc3 7. bxc3 0-0 8. Bd3 d6 9. f4 Nd7 10. Nf3 Nf6 11. g4 e5 12. g5 Nd7 13. Qc2 g6 14. f5 exd4 15. cxd4 Qe7 16. Kd2 c5 17. f6 Qe6 18. Rhg1 cxd4 19. exd4 Nb6 20. Rae1 Qd7 21. Re7 Qa4 22. Qxa4 Nxa4 23. Be4 Rb8 24. Rb1 Nb6 25. c5 dxc5 26. dxc5 Nd7 27. Rc1 Rd8 28. Ke3 Nf8 29. Rb1 Nd7 30. Rd1 a6 31. Ne5 1-0

[Event "Bergen Sommer op-B"]
[Site "Bergen"]
[Date "2005.08.03"]
[Round "4"]
[White "Jorgensen, Line Jin"]
[Black "Andersen, Pal"]
[Result "0-1"]
[WhiteElo "1446"]
[BlackElo "1006"]
[PlyCount "84"]
[EventDate "2005.07.31"]
[EventType "swiss"]
[EventRounds "6"]
[EventCountry "NOR"]
[SourceTitle "EXT 2006"]
[Source "ChessBase"]
[SourceDate "2005.11.24"]
[SourceVersion "1"]
[SourceVersionDate "2005.11.24"]
[SourceQuality "1"]

1. e4 c5 2. Nc3 g6 3. g3 Bg7 4. Bg2 Nc6 5. f4 d6 6. d3 Nf6 7. Nf3 Bg4 8. h3 Bxf3 9. Qxf3 0-0 10. 0-0 a6 11. Be3 Rc8 12. Rac1 b5 13. g4 b4 14. Ne2 Qa5 15. Rb1 Qxa2 16. h4 Nd4 17. Nxd4 cxd4 18. Bxd4 Rxc2 19. Ra1 Qb3 20. Rfd1 Nd7 21. Bf2 Qxb2 22. Rdb1 Qc3 23. Rxa6 Rc1+ 24. Rxc1 Qxc1+ 25. Kh2 b3 26. Be3 Qc2 27. d4 b2 28. Ra2 b1Q 29. Rxc2 Qxc2 30. e5 dxe5 31. dxe5 Rb8 32. Qd5 Rb2 33. Qa8+ Nf8 34. Bd4 Ra2 35. Qd5 Qd2 36. Qe4 Ra4 37. Be3 Rxe4 38. Bxd2 Re2 39. Bb4 e6 40. Kg3 Re3+ 41. Kf2 Rb3 42. Bc5 Nd7 0-1